| 000 | 01358cam a2200313 4500 | ||
|---|---|---|---|
| 001 | ABS68863 | ||
| 008 | 050318n2004 000 0 eng u | ||
| 035 | _a(Sirsi) u129106 | ||
| 245 | _aContracts for the sale of land: is it the end of s2? | ||
| 260 | _c2004 | ||
| 490 |
_aIn-house Lawyer _v(126) December 2004/January 2005, 43-45(3) |
||
| 520 | _aConsiders the Law of Property (Miscellaneous Provisions) Act 1989 s2 which makes it a requirement that a contract for the sale or disposition of land must be in writing. Looks at a series of recent cases which have examined the circumstances under which s2 does not apply. | ||
| 590 | _aABS | ||
| 650 | _aLAW OF PROPERTY (MISCELLANEOUS PROVISIONS) ACT 1989 S2 | ||
| 650 |
_aContracts _96232 |
||
| 650 | _aPROPERTY SALES | ||
| 650 | _aEAGLE STAR INSURANCE LTD V GREEN AND CHALLIS | ||
| 650 | _aMCCAUSLAND AND ANOTHER V DUNCAN LAWRIE LTD AND ANOTHER | ||
| 650 | _aGEORGE WIMPEY UK LTD V VI CONSTRUCTION LTD | ||
| 650 | _aGRUNHUT V RAMDAS | ||
| 650 | _aUNITED BANK OF KUWAIT PLC V SAHIB AND OTHERS | ||
| 650 | _aSPIRO V GLENCROWN PROPERTIES LTD | ||
| 650 | _aJOYCE V RIGOLLI | ||
| 650 | _aYAXLEY V GOTTS AND ANOTHER | ||
| 650 | _aNWEZE AND ANOTHER V NWOKO | ||
| 650 | _aDANDARA HOLDINGS LTD V CO-OPERATIVE RETAIL SERVICES LTD | ||
| 690 | _aPROPERTY AND LAND LAW-CASE LAW | ||
| 942 | _n0 | ||
| 999 |
_c74947 _d74947 |
||